Complete the Title: 1990s TV Shows Quiz Stats

Quiz Updated Oct 15, 2017

Challenge
Share
Tweet
Embed
Score 0/50 Timer 05:00
1 Play Today
% Correct
Vampire
97.1%
Sex
96.8%
Everybody
96.8%
X
96.6%
Butt-Head
96.2%
Kids
96.1%
Hedgehog
95.9%
Creek
95.8%
Springer
95.6%
Will
95.4%
Home
95.4%
Meets
95.4%
Warrior
95.2%
King
94.9%
90210
94.8%
World
94.3%
Touched
94.2%
Park
93.7%
Peaks
93.3%
Rock
93.1%
Freaks
93%
Texas
92.6%
Heaven
92.5%
Guys
92.3%
Ally
92.3%
% Correct
Carey
92.2%
Morphin
91.8%
Your
91.1%
Place
90.9%
Science
90.6%
Queens
90.2%
City
90%
Blue
89.7%
Party
88.6%
Greg
88.1%
Under
87.1%
Picket
87%
Step
86.7%
Living
86.6%
Jones
83.7%
Closet
83.6%
Larry
83.5%
Money
82.3%
Northern
81.6%
Susan
80.6%
Chicago
80.2%
Eddie
79%
Single
77.4%
Shade
73.9%
H.E.A.T.
72.2%

You're not logged in!

Compare scores with friends on all Sporcle quizzes.
Sign Up with Email
OR
Log In

You Might Also Like...

Show Comments

Extras

Top Quizzes Today


Score Distribution

Your Account Isn't Verified!

In order to create a playlist on Sporcle, you need to verify the email address you used during registration. Go to your Sporcle Settings to finish the process.

Report this User

Report this user for behavior that violates our Community Guidelines.

Details: